[Event "Berkeley Summer IM 2019"]
[Site "Berkeley"]
[Date "2019.08.17"]
[Round "1.1"]
[White "Wang, Annie"]
[Black "Lujan, Carolina"]
[Result "1-0"]
[WhiteElo "2321"]
[BlackElo "2352"]
[Annotator "ChessBase"]
[PlyCount "121"]
[EventDate "2019.08.17"]
[EventCountry "USA"]
[SourceTitle "playchess.com"]
[Source "ChessBase"]
[SourceQuality "1"]
[TimeControl "5400+30"]

1. d4 {[%emt 0:00:00]} Nf6 {[%emt 0:00:03]} 2. c4 {[%emt 0:00:00]} g6 {[%emt 0:00:15]} 3. Nc3 {[%emt 0:00:00]} d5 {[%emt 0:00:08]} 4. cxd5 {[%emt 0:00:00]} Nxd5 {[%emt 0:00:05]} 5. e4 {[%emt 0:00:00]} Nxc3 {[%emt 0:00:07]} 6. bxc3 {[%emt 0:00:07]} Bg7 {[%emt 0:00:06]} 7. Bb5+ {[%emt 0:00:10]} c6 {[%emt 0:00:08]} 8. Ba4 {[%emt 0:00:07]} O-O {[%emt 0:00:18]} 9. Ne2 {[%emt 0:00:11]} e5 {[%emt 0:00:26]} 10. O-O {[%emt 0:00:35]} Nd7 {[%emt 0:00:15]} 11. Be3 {[%emt 0:00:57]} Qe7 {[%emt 0:01:02]} 12. f3 {[%emt 0:00:31]} Nb6 {[%emt 0:14:11]} 13. Bb3 {[%emt 0:00:14]} Be6 {[%emt 0:03:22]} 14. d5 {[%emt 0:16:06]} cxd5 {[%emt 0:13:28]} 15. exd5 {[%emt 0:00:09]} Rad8 {[%emt 0:04:52]} 16. c4 {[%emt 0:00:31]} e4 {[%emt 0:09:45]} 17. Nf4 {[%emt 0:16:38]} Bf5 {[%emt 0:11:01]} 18. Rc1 {[%emt 0:06:41]} exf3 {[%emt 0:10:16]} 19. Qxf3 {[%emt 0:01:32]} Rfe8 {[%emt 0:03:33]} 20. Rfe1 {[%emt 0:04:23]} Qb4 {[%emt 0:00:46]} 21. Qf2 {[%emt 0:07:03]} Re4 {[%emt 0:07:32]} 22. Nd3 {[%emt 0:09:43]} Qf8 {[%emt 0:02:27]} 23. Nc5 {[%emt 0:03:35]} Rxe3 {[%emt 0:02:02]} 24. Qxe3 {[%emt 0:01:24]} Bh6 {[%emt 0:00:17]} 25. Qf2 {[%emt 0:03:19]} Bxc1 {[%emt 0:00:12]} 26. Rxc1 {[%emt 0:00:06]} Rc8 {[%emt 0:00:44]} 27. Nxb7 {[%emt 0:01:33]} Nxd5 {[%emt 0:03:39]} 28. c5 {[%emt 0:08:56]} Nb4 {[%emt 0:03:33]} 29. Bc4 {[%emt 0:01:45]} Nd3 {[%emt 0:03:15]} 30. Bxd3 {[%emt 0:00:08]} Bxd3 {[%emt 0:00:05]} 31. Qe3 {[%emt 0:01:05]} Ba6 {[%emt 0:03:15]} 32. Nd6 {[%emt 0:00:12]} Rc6 {[%emt 0:01:10]} 33. Re1 {[%emt 0:03:39]} Bc8 {[%emt 0:01:19]} 34. Qe8 {[%emt 0:01:12]} Rxc5 {[%emt 0:01:51]} 35. Qxf8+ {[%emt 0:00:06]} Kxf8 {[%emt 0:00:02]} 36. Re8+ {[%emt 0:00:14]} Kg7 {[%emt 0:00:02]} 37. Rxc8 {[%emt 0:00:05]} Rd5 {[%emt 0:00:42]} 38. Nc4 {[%emt 0:01:32]} Rd1+ {[%emt 0:00:21]} 39. Kf2 {[%emt 0:00:12]} Rc1 {[%emt 0:00:38]} 40. Nd6 {[%emt 0:01:08]} Rd1 {[%emt 0:00:23]} 41. Ne4 {[%emt 0:00:30]} f5 {[%emt 0:00:59]} 42. Rc7+ {[%emt 0:00:32]} Kh6 {[%emt 0:00:49]} 43. Nc3 {[%emt 0:00:12]} Rd2+ {[%emt 0:00:06]} 44. Kf3 {[%emt 0:01:23]} g5 {[%emt 0:00:42]} 45. h3 {[%emt 0:01:56]} Kg6 {[%emt 0:01:19]} 46. a4 {[%emt 0:01:02]} h5 {[%emt 0:00:27]} 47. Ne2 {[%emt 0:00:36]} a5 {[%emt 0:00:43]} 48. Rc6+ {[%emt 0:00:33]} Kf7 {[%emt 0:00:06]} 49. Rc5 {[%emt 0:00:07]} g4+ {[%emt 0:00:38]} 50. Ke3 {[%emt 0:01:32]} Ra2 {[%emt 0:00:11]} 51. Rxf5+ {[%emt 0:00:24]} Kg7 {[%emt 0:00:21]} 52. hxg4 {[%emt 0:01:38]} Ra3+ {[%emt 0:00:59]} 53. Kf2 {[%emt 0:00:12]} Rxa4 {[%emt 0:00:09]} 54. gxh5 {[%emt 0:00:07]} Ra1 {[%emt 0:00:10]} 55. g4 {[%emt 0:01:10]} a4 {[%emt 0:00:04]} 56. g5 {[%emt 0:00:28]} a3 {[%emt 0:00:03]} 57. Ra5 {[%emt 0:00:07]} a2 {[%emt 0:00:41]} 58. Ra7+ {[%emt 0:00:10]} Kg8 {[%emt 0:00:05]} 59. h6 {[%emt 0:00:49]} Rb1 {[%emt 0:01:02]} 60. Rxa2 {[%emt 0:00:06]} Rb5 {[%emt 0:00:04]} 61. g6 {[%emt 0:00:16]} 1-0

[Event "Berkeley Summer IM 2019"]
[Site "Berkeley"]
[Date "2019.08.17"]
[Round "1.2"]
[White "Krush, Irina"]
[Black "Hernandez Moya, Yuleisy"]
[Result "1-0"]
[WhiteElo "2417"]
[BlackElo "2199"]
[Annotator "ChessBase"]
[PlyCount "69"]
[EventDate "2019.08.17"]
[EventCountry "USA"]
[SourceTitle "playchess.com"]
[Source "ChessBase"]
[SourceQuality "1"]
[TimeControl "5400+30"]

1. d4 {[%emt 0:00:00]} Nf6 {[%emt 0:00:00]} 2. c4 {[%emt 0:00:31]} e6 {[%emt 0:00:00]} 3. Nc3 {[%emt 0:01:09]} Bb4 {[%emt 0:00:16]} 4. f3 {[%emt 0:01:58]} d5 {[%emt 0:02:14]} 5. a3 {[%emt 0:00:10]} Bxc3+ {[%emt 0:01:39]} 6. bxc3 {[%emt 0:00:10]} c5 {[%emt 0:00:12]} 7. cxd5 {[%emt 0:00:26]} exd5 {[%emt 0:00:22]} 8. e3 {[%emt 0:00:40]} O-O {[%emt 0:03:18]} 9. Bd3 {[%emt 0:00:38]} b6 {[%emt 0:02:13]} 10. Ne2 {[%emt 0:01:11]} Re8 {[%emt 0:03:15]} 11. O-O {[%emt 0:00:33]} Ba6 {[%emt 0:00:50]} 12. Bxa6 {[%emt 0:00:51]} Nxa6 {[%emt 0:00:05]} 13. Qd3 {[%emt 0:01:06]} Nc7 {[%emt 0:00:43]} 14. Ra2 {[%emt 0:07:47]} Qd7 {[%emt 0:03:46]} 15. a4 {[%emt 0:01:05]} Rad8 {[%emt 0:17:02]} 16. Ng3 {[%emt 0:00:49]} Re6 {[%emt 0:01:00]} 17. Rd1 {[%emt 0:03:40]} Qc6 {[%emt 0:08:32]} 18. Re1 {[%emt 0:01:53]} Rde8 {[%emt 0:03:51]} 19. Rae2 {[%emt 0:09:19]} Qxa4 {[%emt 0:03:19]} 20. e4 {[%emt 0:00:10]} cxd4 {[%emt 0:07:08]} 21. cxd4 {[%emt 0:01:29]} Nb5 {[%emt 0:15:13]} 22. Bb2 {[%emt 0:00:39]} Rc8 {[%emt 0:00:33]} 23. e5 {[%emt 0:01:54]} Ne8 {[%emt 0:03:58]} 24. f4 {[%emt 0:01:04]} Qc4 {[%emt 0:03:05]} 25. Qe3 {[%emt 0:02:34]} Rec6 {[%emt 0:02:45]} 26. f5 {[%emt 0:02:39]} f6 {[%emt 0:01:17]} 27. Nh5 {[%emt 0:07:02]} Qb4 {[%emt 0:03:25]} 28. Qf3 {[%emt 0:04:09]} Rd8 {[%emt 0:04:48]} 29. Qg4 {[%emt 0:05:22]} Qf8 {[%emt 0:01:57]} 30. Re3 {[%emt 0:16:57]} Rc2 {[%emt 0:04:53]} 31. Rb3 {[%emt 0:01:33]} a6 {[%emt 0:02:11]} 32. Nf4 {[%emt 0:02:09]} Nec7 {[%emt 0:00:47]} 33. Qh4 {[%emt 0:11:50]} Re8 {[%emt 0:00:54]} 34. Ng6 {[%emt 0:00:55]} Qf7 {[%emt 0:00:28]} 35. Qxh7+ {[%emt 0:00:20]} 1-0

[Event "Berkeley Summer IM 2019"]
[Site "Berkeley"]
[Date "2019.08.17"]
[Round "1.3"]
[White "Uyanga, Byambaa"]
[Black "Cervantes Landeiro, Thalia"]
[Result "0-1"]
[WhiteElo "2114"]
[BlackElo "2118"]
[Annotator "ChessBase"]
[PlyCount "92"]
[EventDate "2019.08.17"]
[EventCountry "USA"]
[SourceTitle "playchess.com"]
[Source "ChessBase"]
[SourceQuality "1"]
[TimeControl "5400+30"]

1. e4 {[%emt 0:00:14]} c5 {[%emt 0:00:00]} 2. Nf3 {[%emt 0:00:33]} d6 {[%emt 0:00:00]} 3. d4 {[%emt 0:00:19]} cxd4 {[%emt 0:00:00]} 4. Nxd4 {[%emt 0:00:09]} Nf6 {[%emt 0:00:07]} 5. Nc3 {[%emt 0:00:10]} a6 {[%emt 0:00:08]} 6. Bc4 {[%emt 0:01:17]} e6 {[%emt 0:00:29]} 7. Bb3 {[%emt 0:00:16]} Nbd7 {[%emt 0:00:23]} 8. g4 {[%emt 0:00:24]} Nc5 {[%emt 0:06:01]} 9. f3 {[%emt 0:01:21]} b5 {[%emt 0:07:22]} 10. g5 {[%emt 0:03:31]} Nfd7 {[%emt 0:01:43]} 11. Be3 {[%emt 0:00:36]} Bb7 {[%emt 0:01:50]} 12. Qd2 {[%emt 0:01:05]} Be7 {[%emt 0:04:17]} 13. O-O-O {[%emt 0:01:06]} Nb6 {[%emt 0:07:17]} 14. a3 {[%emt 0:12:29]} Nc4 {[%emt 0:19:34]} 15. Bxc4 {[%emt 0:01:38]} bxc4 {[%emt 0:00:10]} 16. h4 {[%emt 0:02:38]} Qa5 {[%emt 0:02:16]} 17. h5 {[%emt 0:04:31]} Rb8 {[%emt 0:07:14]} 18. g6 {[%emt 0:01:51]} Qb6 {[%emt 0:07:49]} 19. gxf7+ {[%emt 0:02:28]} Kxf7 {[%emt 0:00:39]} 20. Qe2 {[%emt 0:27:05]} Ba8 {[%emt 0:06:52]} 21. Qxc4 {[%emt 0:10:27]} Qxb2+ {[%emt 0:02:46]} 22. Kd2 {[%emt 0:00:05]} Rhc8 {[%emt 0:02:55]} 23. Ke2 {[%emt 0:08:03]} d5 {[%emt 0:07:42]} 24. exd5 {[%emt 0:03:48]} Ne4 {[%emt 0:01:34]} 25. dxe6+ {[%emt 0:05:06]} Kg8 {[%emt 0:04:38]} 26. Qxc8+ {[%emt 0:00:42]} Rxc8 {[%emt 0:00:06]} 27. Nxe4 {[%emt 0:00:05]} Bxe4 {[%emt 0:01:00]} 28. fxe4 {[%emt 0:00:07]} Qxa3 {[%emt 0:01:02]} 29. Rhg1 {[%emt 0:05:05]} Bf6 {[%emt 0:01:28]} 30. Nf5 {[%emt 0:00:36]} Rxc2+ {[%emt 0:01:10]} 31. Kf3 {[%emt 0:00:07]} Rc3 {[%emt 0:04:42]} 32. e5 {[%emt 0:01:53]} Qc5 {[%emt 0:00:54]} 33. exf6 {[%emt 0:04:55]} Qxf5+ {[%emt 0:00:14]} 34. Ke2 {[%emt 0:00:12]} Rc2+ {[%emt 0:01:09]} 35. Rd2 {[%emt 0:01:57]} Rxd2+ {[%emt 0:00:20]} 36. Kxd2 {[%emt 0:00:25]} Qxf6 {[%emt 0:00:13]} 37. h6 {[%emt 0:00:42]} Qxe6 {[%emt 0:01:51]} 38. Rxg7+ {[%emt 0:00:31]} Kf8 {[%emt 0:00:20]} 39. Rxh7 {[%emt 0:00:27]} Qa2+ {[%emt 0:00:17]} 40. Kc3 {[%emt 0:00:23]} Qa3+ {[%emt 0:00:17]} 41. Kd4 {[%emt 0:00:15]} Qb4+ {[%emt 0:00:36]} 42. Kd5 {[%emt 0:00:16]} Qb3+ {[%emt 0:00:08]} 43. Kd4 {[%emt 0:00:29]} Qb6+ {[%emt 0:00:10]} 44. Kd5 {[%emt 0:01:10]} Qxe3 {[%emt 0:00:11]} 45. Rh8+ {[%emt 0:00:27]} Kf7 {[%emt 0:00:05]} 46. h7 {[%emt 0:00:35]} Qd3+ {[%emt 0:00:10]} 0-1

[Event "Berkeley Summer IM 2019"]
[Site "Berkeley"]
[Date "2019.08.17"]
[Round "1.4"]
[White "Belakovskaia, Anjelina"]
[Black "Saikhanchimeg, Tsogtsaikhan"]
[Result "0-1"]
[WhiteElo "2191"]
[BlackElo "2011"]
[Annotator "ChessBase"]
[PlyCount "104"]
[EventDate "2019.08.17"]
[EventCountry "USA"]
[SourceTitle "playchess.com"]
[Source "ChessBase"]
[SourceQuality "1"]
[TimeControl "5400+30"]

1. c4 Nf6 2. d4 {[%emt 0:00:30]} e6 {[%emt 0:00:30]} 3. Nf3 {[%emt 0:00:00]} b6 {[%emt 0:02:26]} 4. g3 {[%emt 0:00:00]} Bb7 {[%emt 0:00:39]} 5. Bg2 {[%emt 0:00:07]} Be7 {[%emt 0:03:41]} 6. O-O {[%emt 0:01:12]} O-O {[%emt 1:25:44]} 7. b3 d5 8. Ne5 c5 9. dxc5 bxc5 10. Bb2 Nc6 11. Nxc6 Bxc6 12. cxd5 exd5 13. Qc2 Rc8 14. Rd1 Qb6 15. e3 Rfd8 16. Nd2 Bb7 17. Rac1 a5 18. h3 h6 19. Nb1 a4 20. Nc3 axb3 21. axb3 c4 22. bxc4 dxc4 23. Na4 Qa6 24. Rxd8+ Bxd8 25. Bxb7 Qxb7 26. Bd4 Qd7 27. Kh2 Qd6 28. Qf5 Qe6 29. Qxe6 fxe6 30. Kg2 Ne4 31. f4 Ba5 32. Rc2 Rc6 33. Kf3 Nd2+ 34. Ke2 Ne4 35. g4 Kf7 36. Nb2 Nd6 37. Be5 c3 38. Nd1 Nb5 {[%emt 0:00:00]} 39. Kd3 Na3 {[%emt 0:00:00]} 40. Rc1 c2 {[%emt 0:00:00]} 41. Nb2 Rc8 {[%emt 0:00:00]} 42. Bd4 g5 {[%emt 0:00:00]} 43. f5 exf5 {[%emt 0:00:00]} 44. gxf5 h5 {[%emt 0:00:00]} 45. Na4 Rb8 {[%emt 0:00:00]} 46. Bb2 Rd8+ {[%emt 0:00:00]} 47. Ke2 g4 {[%emt 0:00:00]} 48. hxg4 hxg4 {[%emt 0:00:00]} 49. Bd4 g3 {[%emt 0:00:00]} 50. Bc5 Bd2 {[%emt 0:00:00]} 51. Bxa3 Bxc1 {[%emt 0:00:00]} 52. Bxc1 Rd1 {[%emt 0:00:00]} 0-1

[Event "Berkeley Summer IM 2019"]
[Site "Berkeley"]
[Date "2019.08.17"]
[Round "1.5"]
[White "Matras-Clement, Agnieszka"]
[Black "Ordaz Valdes, Lisandra Teresa"]
[Result "0-1"]
[WhiteElo "2260"]
[BlackElo "2393"]
[Annotator "ChessBase"]
[PlyCount "74"]
[EventDate "2019.08.17"]
[EventCountry "USA"]
[SourceTitle "playchess.com"]
[Source "ChessBase"]
[SourceQuality "1"]
[TimeControl "5400+30"]

1. e4 {[%emt 0:00:00]} e5 {[%emt 0:00:00]} 2. Nf3 {[%emt 0:00:00]} Nc6 {[%emt 0:00:10]} 3. Bc4 {[%emt 0:00:00]} Bc5 {[%emt 0:00:30]} 4. c3 {[%emt 0:00:00]} Nf6 {[%emt 0:00:06]} 5. d3 {[%emt 0:00:00]} O-O {[%emt 0:00:29]} 6. Nbd2 {[%emt 0:00:13]} a6 {[%emt 0:02:32]} 7. h3 {[%emt 0:03:33]} Ba7 {[%emt 0:09:37]} 8. Bb3 {[%emt 0:07:41]} d6 {[%emt 0:06:18]} 9. Nf1 {[%emt 0:03:33]} Ne7 {[%emt 0:06:21]} 10. Ng3 {[%emt 0:06:03]} Ng6 {[%emt 0:01:39]} 11. O-O {[%emt 0:00:17]} c6 {[%emt 0:03:39]} 12. d4 {[%emt 0:05:06]} h6 {[%emt 0:11:46]} 13. Re1 {[%emt 0:00:48]} Re8 {[%emt 0:00:16]} 14. Be3 {[%emt 0:05:11]} exd4 {[%emt 0:10:11]} 15. Nxd4 {[%emt 0:01:03]} d5 {[%emt 0:05:16]} 16. exd5 {[%emt 0:18:45]} Nxd5 {[%emt 0:00:28]} 17. Qh5 {[%emt 0:00:43]} Re5 {[%emt 0:07:39]} 18. Ndf5 {[%emt 0:15:44]} Bxf5 {[%emt 0:13:15]} 19. Bxa7 {[%emt 0:14:44]} Be4 {[%emt 0:04:45]} 20. Qd1 {[%emt 0:02:15]} Bxg2 {[%emt 0:02:55]} 21. Rxe5 {[%emt 0:08:08]} Nxe5 {[%emt 0:01:43]} 22. Bd4 {[%emt 0:00:32]} Bf3 {[%emt 0:03:30]} 23. Qf1 {[%emt 0:00:04]} Ng6 {[%emt 0:02:00]} 24. Qd3 {[%emt 0:01:07]} Nh4 {[%emt 0:00:11]} 25. Bc2 {[%emt 0:02:58]} g6 {[%emt 0:00:05]} 26. Kh2 {[%emt 0:01:17]} Qg5 {[%emt 0:01:42]} 27. Rg1 {[%emt 0:00:49]} Re8 {[%emt 0:01:26]} 28. a3 {[%emt 0:01:42]} Nf4 {[%emt 0:01:31]} 29. Qd2 {[%emt 0:00:30]} Be2 {[%emt 0:02:51]} 30. Nxe2 {[%emt 0:01:12]} Nf3+ {[%emt 0:00:05]} 31. Kh1 {[%emt 0:00:02]} Qh4 {[%emt 0:01:54]} 32. Nxf4 {[%emt 0:00:20]} Nxd2 {[%emt 0:00:02]} 33. Bxg6 {[%emt 0:00:36]} Qxf4 {[%emt 0:00:40]} 34. Bc2+ {[%emt 0:01:18]} Kf8 {[%emt 0:00:19]} 35. Bc5+ {[%emt 0:00:31]} Re7 {[%emt 0:00:04]} 36. Re1 {[%emt 0:00:18]} Nf3 {[%emt 0:00:32]} 37. Bxe7+ {[%emt 0:00:24]} Kg7 {[%emt 0:00:53]} 0-1

[Event "Berkeley Summer IM 2019"]
[Site "Berkeley"]
[Date "2019.08.18"]
[Round "2.1"]
[White "Saikhanchimeg, Tsogtsaikhan"]
[Black "Uyanga, Byambaa"]
[Result "0-1"]
[WhiteElo "2011"]
[BlackElo "2114"]
[Annotator "TA"]
[PlyCount "30"]
[EventDate "2019.08.14"]
[EventType "tourn"]
[EventCountry "USA"]
[SourceTitle "playchess.com"]
[Source "ChessBase"]
[SourceQuality "1"]

{[%evp 9,62,14,91,58,205,193,176,184,201,125,158,97,141,75,120,62,97,0,0,0,0,0,3,21,31,33,29,36,37,13,0,-56,-48,-44,-43,-46,-55,-52,-54,-42,-42,-61,-63,-227,-215,-437,-435,-705,-558,-29988,-29987,-29987,-5551,-29991,-29991]} 1. e4 d5 2. exd5 Nf6 3. d4 Nxd5 4. c4 Nb6 5. Nc3 Nc6 (5... e5 $11) 6. Be3 {B01: Scandinavian Defence} g6 (6... e5 $14 7. d5 Ne7) (6... Bf5 7. Nf3 e6 8. Be2 Be7 9. O-O O-O 10. a3 a5 11. d5 exd5 12. cxd5 Nb8 13. Nd4 Bg6 {1-0 (42) Galstyan,S (1885)-Sesselmann,C (1659) Schney 2019}) 7. d5 $1 $18 {[%cal Rd5c6]} Nb8 {[#]} 8. Qd4 $146 {[%cal Rd4h8] White is clearly better.} ({Predecessor:} 8. Bd4 f6 9. Bd3 e5 10. dxe6 Bxe6 11. c5 Nc4 12. Bxc4 Bxc4 13. Qa4+ b5 14. cxb6+ {1-0 (33) Schreiner,P-Halvax,G Aigen 2004}) 8... Rg8 9. Nf3 Bg7 10. Qf4 (10. Qd1 $142) 10... Na6 11. Ng5 ({Better is} 11. Bd4) 11... f6 {[#]} 12. Nxh7 (12. Nf3 $1 $16) 12... Qd6 $1 $14 {[%cal Rd6f4] White should prevent ...Qxf4.} 13. Bd3 (13. Qd4 $16) 13... Qxf4 $11 14. Bxg6+ ({But not} 14. Bxf4 Bf5 $17) 14... Kd8 15. Bxf4 Nxc4 {Played: Bg7-h6} 0-1

[Event "Berkeley Summer IM 2019"]
[Site "Berkeley"]
[Date "2019.08.18"]
[Round "2.2"]
[White "Lujan, Carolina"]
[Black "Belakovskaia, Anjelina"]
[Result "1/2-1/2"]
[WhiteElo "2352"]
[BlackElo "2191"]
[Annotator "TA"]
[PlyCount "72"]
[EventDate "2019.08.14"]
[EventType "tourn"]
[EventCountry "USA"]
[SourceTitle "playchess.com"]
[Source "ChessBase"]
[SourceQuality "1"]

{[%evp 11,72,48,44,44,58,51,41,13,24,0,0,-1,4,-35,-35,-48,-37,-63,-45,-41,-44,-103,-64,-54,-79,-61,-62,-67,-49,-50,-38,-45,-25,-39,-33,-35,-38,-30,-32,-35,-30,-91,-47,-46,-44,-39,-13,-29,-21,-12,-8,-6,-8,-8,0,0,0,0,0,-8,0,0,0]} 1. e4 d5 2. exd5 Nf6 3. Bb5+ Bd7 4. Bc4 Bg4 5. f3 Bf5 6. g4 Bc8 $1 7. Nc3 {B01: Scandinavian Defence} c6 8. dxc6 Nxc6 9. d4 $146 {White is slightly better.} ({Predecessor:} 9. d3 e5 10. Be3 Nd4 11. Qd2 Be7 12. O-O-O O-O 13. Kb1 Rb8 14. g5 Nd7 {1-0 (34) Ivanov,A (2515)-Yedidia,J (2390) Newark 1995}) 9... Nxd4 10. Bf4 Be6 11. Bxe6 Nxe6 12. Be3 Qa5 13. Qe2 Rd8 14. Nh3 g6 15. O-O Bg7 16. a4 ({White should try} 16. Rad1 $15) 16... Nd5 17. Nxd5 Rxd5 18. c3 h5 19. Nf4 Nxf4 20. Bxf4 hxg4 21. fxg4 e6 22. Qf2 O-O 23. Be3 b6 {[%cal Bb7b6,Bb6a5][%mdl 32]} 24. h3 Qa6 25. Qf3 Qc4 26. a5 (26. Rad1 $11 {keeps the balance.}) 26... Rxa5 27. Rxa5 bxa5 28. Bxa7 f5 29. gxf5 Rxf5 30. Qa8+ {The position is equal.} Kh7 31. Rxf5 gxf5 32. Qf3 Kg6 33. Qg2+ Kf7 34. Qb7+ Kg6 35. Qg2+ Kf7 36. Qb7+ Kg6 {Accuracy: White = 57%, Black = 63%.} 1/2-1/2

[Event "Berkeley Summer IM 2019"]
[Site "Berkeley"]
[Date "2019.08.18"]
[Round "2.3"]
[White "Ordaz Valdes, Lisandra Teresa"]
[Black "Wang, Annie"]
[Result "1/2-1/2"]
[WhiteElo "2393"]
[BlackElo "2321"]
[Annotator "TA"]
[PlyCount "82"]
[EventDate "2019.08.14"]
[EventType "tourn"]
[EventCountry "USA"]
[SourceTitle "playchess.com"]
[Source "ChessBase"]
[SourceQuality "1"]

{[%evp 15,82,20,33,15,24,11,10,17,34,13,15,23,21,12,50,50,50,23,50,50,50,45,58,48,48,43,66,63,56,71,83,65,84,45,84,67,97,86,78,76,76,69,81,66,66,66,60,60,65,45,72,72,77,77,91,91,105,76,97,81,88,88,90,88,134,88,134,0,134]} 1. d4 Nf6 2. c4 e6 3. Nf3 d5 4. Nc3 Bb4 5. Bg5 h6 6. Bxf6 Qxf6 7. e3 O-O 8. Rc1 c6 9. Qb3 {D38: Queen's Gambit Declined: Ragozin Defence (4 Nf3 Bb4)} (9. Bd3 Nd7 10. O-O Qe7 11. a3 Bxc3 12. Rxc3 dxc4 13. Bxc4 b6 14. Bd3 c5 15. Bb5 Rd8 16. Bc6 Rb8 17. Qc2 Bb7 18. Bxb7 Rxb7 19. Rd1 Rbb8 20. h3 a5 21. Rb1 Qf6 22. dxc5 Nxc5 23. b4 axb4 24. axb4 Ne4 25. Rc6 Nd6 {½-½ (25) Erigaisi,A (2505)-Sasikiran,K (2666) Yerevan 2018}) 9... Bd6 10. Bd3 Nd7 11. O-O Qe7 12. c5 $146 ({Predecessor:} 12. e4 dxc4 13. Bxc4 e5 14. d5 Nc5 15. Qc2 b5 16. Bb3 b4 {½-½ (51) Bagaturov,G (2447)-Khurtsidze,N (2443) Antakya 2010}) 12... Bc7 13. e4 dxe4 14. Nxe4 Nf6 15. Nxf6+ Qxf6 16. Rfe1 Rd8 17. Be4 Rb8 18. Qc3 Bd7 19. Ne5 Be8 20. g3 Qe7 21. a3 f6 22. Nf3 Qd7 23. Bc2 Bf7 24. Qd3 {[#] Black must now prevent Qh7+.} f5 25. Qe3 Kh8 26. Bb3 Re8 27. Ne5 Bxe5 28. dxe5 Bh5 $1 29. Bd1 Qf7 30. Bxh5 Qxh5 31. Rcd1 Re7 32. Rd6 Rf8 33. f4 Qf7 34. Red1 Kh7 35. Kg2 Rc8 36. R1d3 Rf8 37. Qd2 Rfe8 38. R3d4 a6 39. Qd3 Kh8 40. Qf3 Kh7 41. Qd3 Kh8 $1 {Accuracy: White = 63%, Black = 53%.} 1/2-1/2

[Event "Berkeley Summer IM 2019"]
[Site "Berkeley"]
[Date "2019.08.18"]
[Round "2.4"]
[White "Cervantes Landeiro, Thalia"]
[Black "Krush, Irina"]
[Result "0-1"]
[WhiteElo "2118"]
[BlackElo "2417"]
[Annotator "TA"]
[PlyCount "68"]
[EventDate "2019.08.14"]
[EventType "tourn"]
[EventCountry "USA"]
[SourceTitle "playchess.com"]
[Source "ChessBase"]
[SourceQuality "1"]

{[%evp 9,68,3,22,0,-8,-17,-7,-14,-6,-56,-69,-128,-129,-123,-127,-194,-175,-172,-159,-135,-29,-36,-26,-44,-46,-49,-35,-31,0,-2,0,-16,18,29,10,0,0,-10,0,-57,-29,-49,-47,-42,-23,-250,-165,-205,-169,-162,-97,-130,-107,-134,-104,-238,-250,-410,-418,-1893,-1802]} 1. d4 d6 2. c4 e5 3. Nf3 e4 4. Nfd2 f5 5. e3 c5 6. b4 {A41: 1 d4 d6: Tartakower System and Modern Defence} Nf6 $146 ({Predecessor:} 6... cxd4 7. exd4 Nf6 8. Nb3 Be7 9. Be2 O-O 10. Be3 Na6 11. Qd2 Qe8 12. a3 Nc7 13. Nc3 {0-1 (42) Seirawan,Y (2555)-Larsen,B (2610) Mar del Plata 1981}) 7. Be2 cxd4 8. exd4 {The position is equal.} d5 9. O-O Bxb4 10. cxd5 (10. a3 $15 Be7 11. Nc3) 10... Nxd5 $17 11. Bc4 Be6 $1 12. Qb3 (12. Qh5+ $17 g6 13. Qh6) 12... Nc6 $19 13. a3 Ba5 14. Qxb7 {[#]} Nce7 (14... Rc8 $1 $17 15. Qxg7 Rg8) 15. Nb3 $11 Rb8 16. Qxa7 Bb6 17. Qa4+ $1 Bd7 18. Bb5 $1 Bxb5 19. Qxb5+ Kf7 {...Bxd4! is the strong threat.} 20. Qe2 Ng6 21. a4 Re8 22. Nc5 Kg8 23. Na3 Kh8 24. Kh1 ({Better is} 24. Nb5 $11) 24... Ngf4 (24... Ndf4 $5 {[%cal Rf4e2]} 25. Qd1 (25. Bxf4 Nxf4 26. Qe3 Nd3 $11) 25... Bxc5 26. Bxf4 Nxf4 27. dxc5 Qg5 $11) 25. Bxf4 Nxf4 26. Qe3 Nd3 {Threatens to win with ...f4.} 27. Rad1 $2 (27. Nb5 $11 {and White stays safe.}) 27... f4 28. Qe2 Bxc5 (28... Qxd4 29. Nxd3 exd3 30. Qxd3 $11) 29. dxc5 Qg5 $36 {[%mdl 2048] Black is really pushing.} (29... Qd4 $19 30. Nb5 Qxc5) 30. f3 $17 Rb2 ({Much less strong is} 30... Nxc5 31. Nc4 $15) ({Reject} 30... Qxc5 $6 31. fxe4 Nb2 32. Ra1 $11) 31. Nc2 {[#] Black should prevent Rxd3.} Nb4 $1 32. Rc1 (32. Rd2 $17 {is a better defense.} e3 33. Nxe3 Rxe3 34. Qxe3 fxe3 35. Rxb2) 32... Qxc5 $19 33. Nxb4 $2 (33. fxe4 Na2 34. Ra1) 33... Qxc1 $1 (33... Rxe2 $2 {too greedy.} 34. Rxc5 h6 35. h4 $18) 34. Qb5 (34. Rxc1 $142 Rxe2 35. h4) 34... Rc8 {Accuracy: White = 40%, Black = 63%.} 0-1